<?xml version="1.0" encoding="UTF-8"?>
<record
    xmlns:xsi="http://www.w3.org/2001/XMLSchema-instance"
    xsi:schemaLocation="http://www.loc.gov/MARC21/slim http://www.loc.gov/standards/marcxml/schema/MARC21slim.xsd"
    xmlns="http://www.loc.gov/MARC21/slim">

  <leader>00432nam a22001697a 4500</leader>
  <controlfield tag="003">SGT</controlfield>
  <datafield tag="020" ind1=" " ind2=" ">
    <subfield code="a">9788131263853</subfield>
  </datafield>
  <datafield tag="082" ind1=" " ind2=" ">
    <subfield code="a">617.51</subfield>
    <subfield code="b">D22D</subfield>
  </datafield>
  <datafield tag="100" ind1=" " ind2=" ">
    <subfield code="a">DHINGRA, PL</subfield>
  </datafield>
  <datafield tag="245" ind1=" " ind2=" ">
    <subfield code="a">DISEASES OF EAR , NOSE &amp; THROAT &amp; HEAD AND NECK SURGERY </subfield>
  </datafield>
  <datafield tag="250" ind1=" " ind2=" ">
    <subfield code="a">8TH</subfield>
  </datafield>
  <datafield tag="260" ind1=" " ind2=" ">
    <subfield code="a">INDIA </subfield>
    <subfield code="b">ELSEVIER PUB </subfield>
    <subfield code="c">2022</subfield>
  </datafield>
  <datafield tag="300" ind1=" " ind2=" ">
    <subfield code="a">581</subfield>
  </datafield>
  <datafield tag="650" ind1=" " ind2=" ">
    <subfield code="a">ENT</subfield>
  </datafield>
  <datafield tag="653" ind1=" " ind2=" ">
    <subfield code="a">DISEASES OF EAR , NOSE &amp; THROAT &amp; HEAD AND NECK SURGERY </subfield>
  </datafield>
  <datafield tag="942" ind1=" " ind2=" ">
    <subfield code="2">ddc</subfield>
    <subfield code="c">BK</subfield>
  </datafield>
  <datafield tag="952" ind1=" " ind2=" ">
    <subfield code="0">0</subfield>
    <subfield code="1">0</subfield>
    <subfield code="2">ddc</subfield>
    <subfield code="4">0</subfield>
    <subfield code="7">1</subfield>
    <subfield code="8">MEDICAL</subfield>
    <subfield code="a">FM</subfield>
    <subfield code="b">FM</subfield>
    <subfield code="c">TXT</subfield>
    <subfield code="d">2025-03-24</subfield>
    <subfield code="e">ABC DELHI</subfield>
    <subfield code="g">1945.00</subfield>
    <subfield code="i">SGTU</subfield>
    <subfield code="o">617.51 D22D</subfield>
    <subfield code="p">FM15391</subfield>
    <subfield code="r">2025-05-16 00:00:00</subfield>
    <subfield code="w">2025-03-24</subfield>
    <subfield code="y">BK</subfield>
    <subfield code="k">20805</subfield>
  </datafield>
  <datafield tag="952" ind1=" " ind2=" ">
    <subfield code="0">0</subfield>
    <subfield code="1">0</subfield>
    <subfield code="2">ddc</subfield>
    <subfield code="4">0</subfield>
    <subfield code="7">0</subfield>
    <subfield code="8">MEDICAL</subfield>
    <subfield code="a">FM</subfield>
    <subfield code="b">FM</subfield>
    <subfield code="c">TXT</subfield>
    <subfield code="d">2025-03-24</subfield>
    <subfield code="e">ABC DELHI</subfield>
    <subfield code="g">1945.00</subfield>
    <subfield code="i">SGTU</subfield>
    <subfield code="l">11</subfield>
    <subfield code="o">617.51 D22D</subfield>
    <subfield code="p">FM15392</subfield>
    <subfield code="q">2026-06-06</subfield>
    <subfield code="r">2026-05-23 10:47:13</subfield>
    <subfield code="s">2026-05-23</subfield>
    <subfield code="w">2025-03-24</subfield>
    <subfield code="y">BK</subfield>
    <subfield code="k">20805</subfield>
  </datafield>
  <datafield tag="952" ind1=" " ind2=" ">
    <subfield code="0">0</subfield>
    <subfield code="1">0</subfield>
    <subfield code="2">ddc</subfield>
    <subfield code="4">0</subfield>
    <subfield code="7">0</subfield>
    <subfield code="8">MEDICAL</subfield>
    <subfield code="a">FM</subfield>
    <subfield code="b">FM</subfield>
    <subfield code="c">TXT</subfield>
    <subfield code="d">2025-03-24</subfield>
    <subfield code="e">ABC DELHI</subfield>
    <subfield code="g">1945.00</subfield>
    <subfield code="i">SGTU</subfield>
    <subfield code="l">21</subfield>
    <subfield code="o">617.51 D22D</subfield>
    <subfield code="p">FM15393</subfield>
    <subfield code="q">2026-06-18</subfield>
    <subfield code="r">2026-06-04 12:34:01</subfield>
    <subfield code="s">2026-06-04</subfield>
    <subfield code="w">2025-03-24</subfield>
    <subfield code="y">BK</subfield>
    <subfield code="k">20805</subfield>
  </datafield>
  <datafield tag="952" ind1=" " ind2=" ">
    <subfield code="0">0</subfield>
    <subfield code="1">0</subfield>
    <subfield code="2">ddc</subfield>
    <subfield code="4">0</subfield>
    <subfield code="7">0</subfield>
    <subfield code="8">MEDICAL</subfield>
    <subfield code="a">FM</subfield>
    <subfield code="b">FM</subfield>
    <subfield code="c">TXT</subfield>
    <subfield code="d">2025-03-24</subfield>
    <subfield code="e">ABC DELHI</subfield>
    <subfield code="g">1945.00</subfield>
    <subfield code="i">SGTU</subfield>
    <subfield code="l">7</subfield>
    <subfield code="o">617.51 D22D</subfield>
    <subfield code="p">FM15394</subfield>
    <subfield code="q">2026-06-18</subfield>
    <subfield code="r">2026-06-04 15:50:45</subfield>
    <subfield code="s">2026-06-04</subfield>
    <subfield code="w">2025-03-24</subfield>
    <subfield code="y">BK</subfield>
    <subfield code="k">20805</subfield>
  </datafield>
  <datafield tag="952" ind1=" " ind2=" ">
    <subfield code="0">0</subfield>
    <subfield code="1">0</subfield>
    <subfield code="2">ddc</subfield>
    <subfield code="4">0</subfield>
    <subfield code="7">0</subfield>
    <subfield code="8">MEDICAL</subfield>
    <subfield code="a">FM</subfield>
    <subfield code="b">FM</subfield>
    <subfield code="c">TXT</subfield>
    <subfield code="d">2025-03-24</subfield>
    <subfield code="e">ABC DELHI</subfield>
    <subfield code="g">1945.00</subfield>
    <subfield code="i">SGTU</subfield>
    <subfield code="l">9</subfield>
    <subfield code="o">617.51 D22D</subfield>
    <subfield code="p">FM15395</subfield>
    <subfield code="r">2026-05-23 13:35:38</subfield>
    <subfield code="s">2026-05-11</subfield>
    <subfield code="w">2025-03-24</subfield>
    <subfield code="y">BK</subfield>
    <subfield code="k">20805</subfield>
  </datafield>
  <datafield tag="999" ind1=" " ind2=" ">
    <subfield code="c">31138</subfield>
    <subfield code="d">31138</subfield>
  </datafield>
</record>
